| 000 | 00641nam a2200193 i 4500 | ||
|---|---|---|---|
| 001 | 87850 | ||
| 003 | ES-MaACL | ||
| 005 | 20230906175743.0 | ||
| 007 | t| | ||
| 008 | 041223s1930 sp ||||1| spa d | ||
| 100 | 1 |
_aKybal, Vlastimil. _969099 |
|
| 245 | 1 | 4 |
_aLos orígenes diplomáticos del Estado checoeslovaco / _cVlastimil Kybal ; prólogo de Rafael Altamira. |
| 260 |
_aMadrid : _b[s.n., _c1930?] ( _fCompañía General de Artes Gráficas) |
||
| 300 |
_a176 p. ; _c17 cm. |
||
| 651 | 4 |
_aChecoslovaquia- _xHistoria. _98035 |
|
| 700 | 1 |
_aAltamira, Rafael, _d1866-1951 _920515 |
|
| 852 |
_aES-MaACL _jB-6760 |
||
| 999 |
_c87850 _d87850 |
||